A hosszútartamú szabadságvesztés problematikája különös tekintettel az életfogytig tartó szabadságvesztésre

Elmentve itt :
Bibliográfiai részletek
Szerző: Értékes Tamás
További közreműködők: Nagy Ferenc (Témavezető)
Dokumentumtípus: Szakdolgozat
Megjelent: 2002
Tárgyszavak:
Online Access:http://diploma.bibl.u-szeged.hu/27059
LEADER 00630nta a2200157 i 4500
001 dipl27059
005 20130314084620.0
008 111005s2002 hu om 0|| zxx d
040 |a SZTE Diploma Repozitórium  |b hun 
041 |a zxx 
100 1 |a Értékes Tamás 
245 1 2 |a A hosszútartamú szabadságvesztés problematikája különös tekintettel az életfogytig tartó szabadságvesztésre  |h [elektronikus dokumentum] /  |c Tamás Értékes 
260 |c 2002 
650 4 |a Jogi és igazgatási tanulmányok 
700 1 |a Nagy Ferenc  |e ths 
856 4 0 |u http://diploma.bibl.u-szeged.hu/id/eprint/27059/1/2002_ertekes_tamas.pdf  |z Dokumentum-elérés